000 007460000a22002050004500
001 768714001
003 CO-MdFUSB
005 20170420144832.0
008 170420s2001 cr ||||| |||| 00| 0 spa d
040 _aCO-MdFUSB
_bspa
_cCO-MdFUSB
_dCO-MdFUSB
041 _aspa
100 1 _aAanderud, Nathan
_eautor
245 1 0 _aTesoros para el corazón del niño :
_bideas prácticas para ayudar a los niños a memorizar versículos bíblicos
300 _aVolumen 1-4, número 1-12, (2001), Páginas 12-13
_c27 cm.
546 _aTexto en español
650 1 4 _aTRABAJO SOCIAL CON NIÑOS
700 1 _aAanderud, Stephanie
773 0 _tAlcanzando a los Niños en Riesgo
_049458
_960566
_gVolumen 1-4, número 1-12, (2001)
_q Página 12
942 _cANA
999 _c49582
_d49582